000 00623nam a2200241 a 4500
001 nice12345678
003 IN_TiNIC
005 20260116014606.0
008 050524s2001 newa grp 000 0 eng
020 _a8173047
_c650
082 0 0 _a954.14
_bBAN
100 _aBandopadhyay, Sekhar
245 _aBengal
_b Rethinking History: Essays in Historiography
260 _aNew Delhi
_bManohar Pub.
_c2001
300 _a326p
500 _aincludes index and biblioraphy
505 2 _aNotes
650 _aBengal-History
700 1 _aBandopadhyay, Sekhar
902 _bSRS
942 _cBK
999 _c16116
_d16116